Catálogos de la Biblioteca Universitaria y Provincial (Sta. Cruz) de Valladolid / (Record no. 33204)
[ view plain ]
| 000 -LEADER | |
|---|---|
| campo de control de longitud fija | 00988nam a2200229 i 4500 |
| 001 - NÚMERO DE CONTROL | |
| campo de control | 33204 |
| 003 - IDENTIFICADOR DE NÚMERO DE CONTROL | |
| campo de control | ES-MaACL |
| 005 - FECHA Y HORA DE LA ÚLTIMA TRANSACCIÓN | |
| campo de control | 20230906154720.0 |
| 007 - CAMPO FIJO DE DESCRIPCIÓN FÍSICA--INFORMACIÓN GENERAL | |
| campo de control de longitud fija | t| |
| 008 - DATOS DE LONGITUD FIJA--INFORMACIÓN GENERAL | |
| campo de control de longitud fija | 030201s1918 sp ||||1| spa d |
| 080 ## - NÚMERO DE LA CLASIFICACIÓN DECIMAL UNIVERSAL | |
| Número de la Clasificación Decimal Universal | 017.1(460.185 V.) |
| 110 2# - ENTRADA PRINCIPAL--NOMBRE DE ENTIDAD CORPORATIVA | |
| Nombre de entidad corporativa o nombre de jurisdicción como elemento de entrada | Universidad de Valladolid. |
| Unidad subordinada | Biblioteca Santa Cruz. |
| 9 (RLIN) | 143252 |
| 245 10 - MENCIÓN DEL TÍTULO | |
| Título | Catálogos de la Biblioteca Universitaria y Provincial (Sta. Cruz) de Valladolid / |
| Mención de responsabilidad, etc. | redactados por el personal facultativo de las mismas bajo la dirección de Mariano Alcocer. |
| 260 ## - PUBLICACIÓN, DISTRIBUCIÓN, ETC. | |
| Lugar de publicación, distribución, etc. | Valladolid : |
| Nombre del editor, distribuidor, etc. | [s.n.], |
| Fecha de publicación, distribución, etc. | 1918 ( |
| Fabricante | Imp. Castellana) |
| 300 ## - DESCRIPCIÓN FÍSICA | |
| Extensión | 1 vol. : |
| Otras características físicas | il. ; |
| Dimensiones | 24 cm. |
| 500 ## - NOTA GENERAL | |
| Nota general | Encuadernado con: Revista histórica. |
| 505 8# - NOTA DE CONTENIDO CON FORMATO | |
| Nota de contenido con formato | Contiene: Catálogo 1. Incunables y raros / por Don Saturnino Rivera Manescau (144 p.) |
| 610 24 - PUNTO DE ACCESO ADICIONAL DE MATERIA--NOMBRE DE ENTIDAD CORPORATIVA | |
| Nombre de entidad corporativa o nombre de jurisdicción como elemento de entrada | Universidad de Valladolid. |
| Unidad subordinada | Biblioteca Santa Cruz- |
| Subdivisión de forma | Catálogos. |
| 9 (RLIN) | 143253 |
| 700 1# - ENTRADA AGREGADA--NOMBRE PERSONAL | |
| Nombre de persona | Alcocer y Martínez, Mariano. |
| 9 (RLIN) | 19568 |
| 700 1# - ENTRADA AGREGADA--NOMBRE PERSONAL | |
| Nombre de persona | Rivera Manescau, Saturnino. |
| 9 (RLIN) | 97659 |
| 852 ## - LOCALIZACIÓN | |
| Ubicación | ES-MaACL |
| Número de control de estantería | B-8547(2) |
| Estatus retirado | Estado de pérdida | Estado de daño | No para préstamo | Biblioteca de origen | Biblioteca actual | Ubicación en estantería | Fecha de adquisición | Fuente de adquisición | Total de préstamos | Signatura topográfica completa | Código de barras | Visto por última vez | Precio de reemplazo | Tipo de ítem Koha |
|---|---|---|---|---|---|---|---|---|---|---|---|---|---|---|
| Biblioteca del Ateneo de Madrid | Biblioteca del Ateneo de Madrid | Sala Pardo Bazán | 17/01/2008 | B-8547(2) | 1034518 | 23/02/2023 | 23/02/2023 | Libro impreso |
